Hay un país en el mundo / (Registro nro. 7456)

Detalles MARC
000 -LEADER
fixed length control field 00794nam a2200253 a 4500
001 - CONTROL NUMBER
control field 000006686
003 - CONTROL NUMBER IDENTIFIER
control field DO-SdBNP
005 - DATE AND TIME OF LATEST TRANSACTION
control field 20180125131654.0
007 - PHYSICAL DESCRIPTION FIXED FIELD--GENERAL INFORMATION
fixed length control field 000006686
008 - FIXED-LENGTH DATA ELEMENTS--GENERAL INFORMATION
fixed length control field 090902s20uu dr a 000 p spa d
040 ## - CATALOGING SOURCE
Original cataloging agency BPMSU
Language of cataloging spa
Transcribing agency BPMSU
082 #4 - DEWEY DECIMAL CLASSIFICATION NUMBER
Classification number RD861.44
Item number M671hay
100 1# - MAIN ENTRY--PERSONAL NAME
Personal name Mir, Pedro,
Dates associated with a name 1913-2000
245 10 - TITLE STATEMENT
Title Hay un país en el mundo /
Statement of responsibility, etc. Pedro Mir.
Remainder of title
260 ## - PUBLICATION, DISTRIBUTION, ETC. (IMPRINT)
Place of publication, distribution, etc. Santo Domingo :
Name of publisher, distributor, etc. Ministerio de Cultura,
Date of publication, distribution, etc. [200?].
300 ## - PHYSICAL DESCRIPTION
Extent 19 p. ;
Other physical details il. ;
Dimensions 22 cm.
563 ## - BINDING INFORMATION
Binding note Dos obras publicadas juntas con paginación continua.
650 #4 - SUBJECT ADDED ENTRY--TOPICAL TERM
Topical term or geographic name as entry element POESÍA DOMINICANA
650 #4 - SUBJECT ADDED ENTRY--TOPICAL TERM
Topical term or geographic name as entry element LITERATURA DOMINICANA
910 ## - USER-OPTION DATA (OCLC)
User-option data Validado. Control de calidad BNPHU
942 ## - ADDED ENTRY ELEMENTS (KOHA)
Source of classification or shelving scheme Dewey Decimal Classification
Koha item type Música
945 ## - LOCAL PROCESSING INFORMATION (OCLC)
a Título remanejado para BNPHU / 2017 VM
956 ## - LOCAL ELECTRONIC LOCATION AND ACCESS (OCLC)
Host name VMATEO
Access number 10
Compression information 20150908
Logon BPMSU
Processor of request 00151
Existencias
Withdrawn status Lost status Source of classification or shelving scheme Damaged status Not for loan Collection code Home library Current library Date acquired Total Checkouts Full call number Barcode Date last seen Price effective from Koha item type Copy number
    Dewey Decimal Classification     Colección Dominicana Biblioteca Pública Metropolitana Salomé Ureña Biblioteca Pública Metropolitana Salomé Ureña 02/19/2015   RD861.44 M671hay BPMSU15040040 02/19/2015 02/19/2015 Libros  
    Dewey Decimal Classification     Colección Dominicana Biblioteca Pública Metropolitana Salomé Ureña Biblioteca Pública Metropolitana Salomé Ureña 02/19/2015   RD861.44 M671hay BPMSU15040041 02/19/2015 02/19/2015 Libros ej. 2
    Dewey Decimal Classification     Colección Dominicana Biblioteca Pública Metropolitana Salomé Ureña Biblioteca Pública Metropolitana Salomé Ureña 02/19/2015   RD861.44 M671hay BPMSU15040042 02/19/2015   Libros ej. 3